000 01994nam a2200361 a 4500
001 ebr10542538
003 CaPaEBR
006 m u
007 cr cn|||||||||
008 111107s2012 njua sb 001 0 eng d
010 _z 2011042254
020 _z9781118018996
020 _z9781118270059 (e-book)
040 _aCaPaEBR
_cCaPaEBR
035 _a(OCoLC)787849833
050 1 4 _aQC385
_b.W83 2012eb
082 0 4 _a621.36
_223
100 1 _aRen, Hongwen,
_d1964-
245 1 0 _aIntroduction to adaptive lenses
_h[electronic resource] /
_cHongwen Ren, Shin-Tson Wu.
260 _aHoboken, N.J. :
_bWiley,
_c2012.
300 _ax, 274 p. :
_bill.
490 1 _aWiley series in pure and applied optics
504 _aIncludes bibliographical references and index.
520 _a"This is the first book to address the fundamental operation principles, device characteristics, and potential applications of various types of adaptive lenses. Setting out from basic material properties to device structures and performance, this volume covers solid lens, membrane lens, electro-wetting lens, dielectric lens, mechanical-wetting lens, and liquid crystal lenses. Potential applications of these adaptive lenses are also investigated, including image processing and zooming, optical communications, and biomedical imaging. This is an important reference for optical engineers, research scientists, graduate students and undergraduate seniors"--
_cProvided by publisher.
533 _aElectronic reproduction.
_bPalo Alto, Calif. :
_cebrary,
_d2013.
_nAvailable via World Wide Web.
_nAccess may be limited to ebrary affiliated libraries.
650 0 _aLenses.
650 0 _aOptics, Adaptive.
655 7 _aElectronic books.
_2local
700 1 _aWu, Shin-Tson.
710 2 _aebrary, Inc.
830 0 _aWiley series in pure and applied optics.
856 4 0 _uhttp://site.ebrary.com/lib/rucke/Doc?id=10542538
_zAn electronic book accessible through the World Wide Web; click to view
999 _c246530
_d246530